Statistics for Animals beginning with the letter H (pictures)

Click here to take the quiz!

General Stats

  • This quiz has been taken 204 times
  • The average score is 9 of 12

Answer Stats

Answer% Correct
Horse
100%
Hamster
91%
Hummingbird
89%
Hyena
87%
Hedgehog
86%
Hermit Crab
81%
Hornet
77%
Hawk
77%
Hippopotamus
77%
Heron
66%
Hyrax
13%
Hutia
7%

Score Distribution

Percentile by Number Answered

Percent of People with Each Score

Your Score History

You have not taken this quiz